| 000 | 00760nam a2200181 a 4500 | ||
|---|---|---|---|
| 008 | 070213s2005 xx |||||||||||||| || u | ||
| 050 | _aTHESIS | ||
| 100 | _aMbewe, Obby | ||
| 245 | 1 | 0 |
_aSchool of Built Environment billboard _cthesis by Edwin Mwaba, Gregory Chetani, Obby Mbewe and Stephen Bwalya and supervised by Lubinda Sawakema |
| 260 |
_a _bCopperbelt University, School of Technology, Electrical Engineering Department _c2005 |
||
| 350 | _a0.00 | ||
| 650 | _aENGINEERING | ||
| 650 | _aELECTRIC ENGINEERING | ||
| 700 | _aBwalya, Stephen | ||
| 700 | _aChetani, Gregory | ||
| 700 | _aMwaba, Edwin | ||
| 995 |
_D0.00 _FCBU-MAIN LIBRARY (Kitwe) _H1 _I0.00 _M1 _UAVAILABLE _WFeb 13, 2007 _ZUniversity Collection |
||
| 999 |
_c57059 _d57059 |
||